000 00434nam a2200145Ia 4500
008 230312s9999||||xx |||||||||||||| ||und||
020 _a0873370503
082 _a346.73052
_bCLA-P
100 _aClifford Attorney Denis
245 0 _aPlan Your estate with a living trust
260 _bDenis C
_aUSA
_c1989
546 _aEng.
650 _aEconomics
_vState Property ownership laws, Life insurance, probate avoidance mathods
942 _cBK
999 _c2270
_d2270